000 00700nam a2200205Ia 4500
003 GCL
008 140319s9999 xx 000 0 ara d
040 _aGCL /
_cGCL
082 0 4 _a621.9
_bاب
100 1 _aجريتز، انجليزت
245 1 0 _aبراد التجميع: الاساليب الفنية والعدد المستعملة /
_cجريتز، انجليزت
700 1 _aرضا محمود سليمان
260 _a[S.N] :
_bمؤسسة الاهرام
300 _a198 ص
490 _aالاسس التكنولوجية
_v0
650 0 4 _aالهندسة الميكانيكية
650 0 4 _aاجهزة القياس
650 0 4 _aالقياس الكهربائى
942 _2ddc
_cBK
999 _c52574
_d52574